Central Library OPAC University of Rajshahi

مصباح النحو شرح اردو هداية النحو [misbah alnahw sharh ardu hidayat alnahw] / (Record no. 79892)

MARC details
000 -LEADER
fixed length control field 00614cam a2200193 a 4500
001 - CONTROL NUMBER
control field 79892
003 - CONTROL NUMBER IDENTIFIER
rucl marc code BD-RjUL
005 - DATE AND TIME OF LATEST TRANSACTION
control field 20220601113015.0
008 - FIXED-LENGTH DATA ELEMENTS--GENERAL INFORMATION
fixed length control field 220601s1955 le h b 000 0 ara d
035 ## - SYSTEM CONTROL NUMBER
System control number (BD-RjUL)79892
040 ## - CATALOGING SOURCE
Original cataloging agency MH
Transcribing agency MH
Modifying agency CStRLIN
-- NNU
Language of cataloging eng
041 ## - LANGUAGE CODE
Language code of text/sound track or separate title ara
082 ## - DEWEY DECIMAL CLASSIFICATION NUMBER
Edition number 23
Classification number 492.75
Author mark and year MES 1955
245 10 - TITLE STATEMENT
Title مصباح النحو شرح اردو هداية النحو [misbah alnahw sharh ardu hidayat alnahw] /
Statement of responsibility, etc. muhammad Saiid
260 ## - PUBLICATION, DISTRIBUTION, ETC. (IMPRINT)
Place of publication, distribution, etc. Karachi :
Name of publisher, distributor, etc. Quran mahal ,
Date of publication, distribution, etc. 1997
300 ## - PHYSICAL DESCRIPTION
Pagination 184 p. :
Size 24 cm.
650 #0 - SUBJECT ADDED ENTRY--TOPICAL TERM
Topical term or geographic name as entry element Arabic language
General subdivision Grammar
Form subdivision Early works to 1800.
9 (RLIN) 181
942 ## - ADDED ENTRY ELEMENTS (KOHA)
Source of classification or shelving scheme Dewey Decimal Classification
Koha item type Books
Holdings
Lost status Source of classification or shelving scheme Damaged status Not for loan Collection code Permanent Location Current Location Shelving location Date acquired Source of acquisition Cost, normal purchase price Full call number Date last seen Copy number Koha item type Total Checkouts
  Dewey Decimal Classification   Not For Loan Non-fiction Central Library, University of Rajshahi Central Library, University of Rajshahi Reading Room 01/06/2022 Quan manjil, Rajshahi 3.50 U 492.75 MES 1955 01/06/2022 C-1 Books  
  Dewey Decimal Classification     Non-fiction Central Library, University of Rajshahi Central Library, University of Rajshahi General Stacks 31/10/2022     A 492.75 MES 1955 31/10/2022 C-2 Books